Optics in computing 2002 : (Record no. 10325)

MARC details
000 -LEADER
fixed length control field 00475nam a22001217a 4500
090 ## - LOCALLY ASSIGNED LC-TYPE CALL NUMBER (OCLC); LOCAL CALL NUMBER (OCLC)
-- 10325
008 - FIXED-LENGTH DATA ELEMENTS--GENERAL INFORMATION
fixed length control field 081217t xxu||||| |||| 00| 0 eng d
082 ## - DEWEY DECIMAL CLASSIFICATION NUMBER
Edition number 22
Classification number 621.39
Item number OPT
245 ## - TITLE STATEMENT
Title Optics in computing 2002 :
Remainder of title 8-11 April, 2002, Taipei, Taiwan / Grand hotel,Taipei, sponsors, National Science council ... [et al.]
260 ## - PUBLICATION, DISTRIBUTION, ETC. (IMPRINT)
Place of publication, distribution, etc Bellingham, Washington :
Name of publisher, distributor, etc SPIE--The International Society for Optical Engineering,
Date of publication, distribution, etc 2000.
300 ## - PHYSICAL DESCRIPTION
Extent 411p.:
Other physical details ill.;
942 ## - ADDED ENTRY ELEMENTS (KOHA)
Source of classification or shelving scheme Dewey Decimal Classification
Item type Book - Borrowing
Holdings
Withdrawn status Item status Source of classification or shelving scheme Damaged status Not for loan Vendor Home library Current library Shelving location Date acquired Source of acquisition Total Checkouts Full call number Barcode Date last seen Koha item type
    Dewey Decimal Classification     Alahram Central Library Central Library First floor 17/12/2008     621.39 OPT 000014301 15/07/2025 Book - Borrowing